| 000 | 00675nam a2200265Ia 4500 | ||
|---|---|---|---|
| 005 | 20260121170525.0 | ||
| 008 | 008 260114s9999 xx 000 0 eng d | ||
| 020 | _a9789400740013 | ||
| 037 | _aEBOOK | ||
| 040 | _aCRL | ||
| 040 | _beng | ||
| 040 | _cCRL | ||
| 041 | _2eng | ||
| 041 | _aeng | ||
| 084 | _qCRL | ||
| 100 |
_aC. Max Finlayson, G. Randy Milton, R. Crawford Prentice, Nick C. Davidson _91064940 |
||
| 245 | 4 | _aThe Wetland Book | |
| 260 | _bSpringer | ||
| 260 | _bSpringer | ||
| 260 | _c2018 | ||
| 856 | _uhttps://link.springer.com/openurl?genre=book&isbn=978-94-007-4001-3 | ||
| 942 | _cEBOOK | ||
| 999 |
_c1630670 _d1630670 |
||